P1Harmony Complete Discography - Statistics

General Stats
  • This quiz has been taken 7 times
  • The average score is 55 of 82
Answer Stats
Album # Answer % Correct
EX 2 Dancing Queen
100%
DUH! 1 DUH!
100%
EX 1 EX
100%
EX 5 EX (Spanish Version)
100%
Killin'It 1 Killin'It
100%
Versions Killin'It (English Version)
100%
SAD SONG 1 SAD SONG
100%
SAD SONG 7 SAD SONG (English Version)
100%
UNIQUE 5 Triple 7
100%
UNIQUE 1 UNIQUE
100%
DUH! 4 Flashy
86%
UNIQUE 6 ICE (VVS)
86%
UNIQUE 3 L.O.Y.L.
86%
DUH! 3 Murmur
86%
EX 4 Night Of My Life
86%
UNIQUE 2 Pandemonium
86%
DUH! 2 Pretty boy
86%
EX 3 Stupid Brain
86%
UNIQUE 4 Wednesday Girl
86%
HARMONY: SET IN 1 Back Down
71%
HARMONY: SET IN 2 BFF (Best Friends Forever)
71%
Versions Breakthrough (Full Version)
71%
DISHARMONY: STAND OUT 5 Butterfly
71%
DISHARMONY: FIND OUT 1 Do It Like This
71%
Versions Do It Like This (English Version)
71%
HARMONY: ZERO IN 1 Doom Du Doom
71%
Singles Fall In Love Again
71%
Versions Fall In Love Again (Instrumental)
71%
Versions Fall In Love Again (Slowed+Reverb)
71%
Versions Fall In Love Again (Sped Up)
71%
HARMONY: ALL IN 6 I Am You
71%
DISHARMONY: STAND OUT 1 Intro; Breakthrough
71%
Killin'It 10 I See U
71%
HARMONY: ALL IN 1 JUMP
71%
Versions JUMP (English Version)
71%
Killin'It 2 Late Night Calls
71%
Killin'It 4 Love Story
71%
DUH! 5 Over And Over
71%
DISHARMONY: BREAKOUT 1 Scared
71%
DISHARMONY: STAND OUT 2 SIREN
71%
Killin'It 9 Street Star
71%
SAD SONG 6 WASP
71%
SAD SONG 4 Welcome To
71%
DUH! 6 Work
71%
Killin'It 7 2Nite
57%
SAD SONG 5 All You
57%
DISHARMONY: FIND OUT 4 Bop
57%
Killin'It 5 Countdown To Love
57%
HARMONY: ZERO IN 6 Different Song For Me
57%
Killin'It 6 Emergency
57%
DISHARMONY: BREAKOUT 5 End It
57%
Killin'It 3 Everybody Clap
57%
Feats Gotta Get Back (feat. Pink Sweat$)
57%
SAD SONG 2 It's Alright
57%
SAD SONG 3 Last Call
57%
Killin'It 8 Let Me Love You
57%
HARMONY: ALL IN 2 Love Me For Me
57%
DISHARMONY: STAND OUT 3 Nemonade
57%
DISHARMONY: BREAKOUT 2 Reset
57%
STF R.O.P (Reign of Peace) (Prod. Czaer)
57%
Versions R.O.P (Reign of Peace) (Prod. Czaer) - Instrumental
57%
HARMONY: SET IN 3 Secret Sauce
57%
Feats Super Chic (with New Hope Club)
57%
HARMONY: ZERO IN 4 Swagger
57%
DISHARMONY: FIND OUT 2 That'$ Money
57%
DISHARMONY: STAND OUT 4 That's It
57%
HARMONY: ZERO IN 3 Yes Man
57%
DISHARMONY: BREAKOUT 4 AYAYA
43%
DISHARMONY: FIND OUT 5 Before The Dawn
43%
HARMONY: SET IN 6 Better Together
43%
HARMONY: ZERO IN 2 Black Hole
43%
DISHARMONY: FIND OUT 3 Follow Me
43%
HARMONY: ALL IN 5 Heartbeat Drum
43%
DISHARMONY: BREAKOUT 6 If You Call Me
43%
HARMONY: SET IN 5 Look At Me Now
43%
HARMONY: ZERO IN 5 Mirror Mirror
43%
HARMONY: ALL IN 4 More Than Words
43%
HARMONY: ALL IN 3 New Classic
43%
HARMONY: SET IN 4 One And Only
43%
DISHARMONY: FIND OUT 6 Peacemaker
43%
DISHARMONY: BREAKOUT 3 Pyramid
43%
DISHARMONY: STAND OUT 6 Skit; Disharmony #1
43%
No matching quizzes found
Score Distribution
Percent of People with Each Score
Percentile by Number Answered
Your Score History
You have not taken this quiz